Wszystkie zielone warzywa i owoce - Statystyki

Ogólne statystyki
  • Ten quiz został rozwiązany 1 965 razy
  • Średni wynik to 14 z 24
Statystyki odpowiedzi
Hint Odpowiedź % Poprawnych
Owoc Zielone Jabłko
92%
Warzywo Ogórek
85%
Warzywo Sałata
84%
Owoc Gruszka
80%
Warzywo Kapusta
79%
Owoc Kiwi
72%
Warzywo Brokul
69%
Warzywo Zielona Papryka
68%
Owoc Awokado
59%
Warzywo Koper
57%
Warzywo Szczypiorek
57%
Owoc Limonka
56%
Warzywo Pietruszka
56%
Warzywo Por
56%
Warzywo Cukinia
55%
Warzywo Groszek
54%
Warzywo Szpinak
53%
Owoc Winogrona
50%
Warzywo Brukselka
46%
Warzywo Szparagi
40%
Warzywo Kalarepa
39%
Warzywo Szczaw
33%
Warzywo Seler naciowy
21%
Warzywo Karczoch
16%
Nie znaleziono quizów pasujących do podanych kryteriów
Rozkład punktacji
Procent ludzi z każdym wynikiem
Percentyl według liczby udzielonych odpowiedzi
Twoja historia wyników
Nie rozwiązałeś tego quizu